000 00586nam a2200229Ia 4500
003 OSt
005 20220918225244.0
006 a|||||r|||| 00| 0
007 ta
008 220917b |||||||| |||| 00| 0 eng d
024 _a239,356
037 _cTextual
040 _aARTS
_cARTS
_beng
041 _2eng
_aeng
082 _aWv, N0
100 _aTannsjo Torbjorn
_9142996
245 0 _aConservatism for our timed
260 _aLondon
_bRoutledge
_c1990
650 _aPOLITICAL SCIENCE
942 _hWv, N0
_cTEXL
_2CC
999 _c284118
_d284118